000 00317nam a2200145Ia 4500
008 191201s2010 xx 000 0 und d
082 _a338.5
_bDOM
100 _aDORNBUSCH,Rudiger
245 0 _aMacroeconomic
250 _aRep
260 _aN. delhi
_bTMH
_c2010
300 _a613
650 _aBBA
942 _2ddc
_cBK
999 _c4878
_d4878